Welcome to the Holygrace Academy Library

Please use search bar below to get started

LETTERS FROM A FATHER TO HIS DAUGHTER (Record no. 5313)

MARC details
000 -LEADER
fixed length control field 00326nam a22001337a 4500
020 ## - INTERNATIONAL STANDARD BOOK NUMBER
ISBN 978-0-670-05816-7
082 ## - DEWEY DECIMAL CLASSIFICATION NUMBER
Classification number 920
Item number JAW/L
100 ## - MAIN ENTRY--AUTHOR NAME
Personal name NEHRU,JAWAHARLAL
245 ## - TITLE STATEMENT
Title LETTERS FROM A FATHER TO HIS DAUGHTER
260 ## - PUBLICATION, DISTRIBUTION, ETC. (IMPRINT)
Place of publication NEW DELHI
Name of publisher PUFFIN BOOKS
300 ## - PHYSICAL DESCRIPTION
Number of Pages 154
650 ## - SUBJECT ADDED ENTRY--TOPICAL TERM
Topical Term PERSONLITY DEVELOPMENT
Geographic subdivision INDIA
942 ## - ADDED ENTRY ELEMENTS (KOHA)
Koha item type Books
Holdings
Withdrawn status Lost status Collection code Home library Current library Shelving location Date acquired Source of acquisition Full call number Accession Number Koha item type
    Reference Main Library Main Library SHELF-17H-PERSONALITY DEVELOPMENT BOOKS 03/12/2029 PURCHASE 920 JAW/L 03936 Books